[Event "Reykjavik Open 2010"]
[Site "Reykjavik City Hall"]
[Date "2010.02.27"]
[Round "5.31"]
[White "Thorsteinsson, Thorsteinn"]
[Black "De Andres Gonalons, Fernando"]
[Result "1-0"]
[WhiteElo "2278"]
[BlackElo "2124"]
[PlyCount "61"]
[EventDate "2010.02.24"]

1. d4 d5 2. c4 e6 3. Nf3 c5 4. cxd5 exd5 5. g3 Nf6 6. Bg2 Be7 7. O-O O-O 8. Nc3
Nc6 9. dxc5 Bxc5 10. Bg5 d4 11. Ne4 Be7 12. Bxf6 Bxf6 13. b4 Nxb4 14. Nxf6+
Qxf6 15. Qxd4 Qe7 16. Qb2 Nc6 17. Rfd1 Rb8 18. Rd2 b6 19. Rad1 Be6 20. Nd4 Nxd4
21. Qxd4 b5 22. Qe3 Qc7 23. Bd5 Bh3 24. Qf3 Rb6 25. Rd4 Rf6 26. Qd3 Be6 27.
Qxb5 Bxd5 28. Qxd5 h6 29. Kg2 Re8 30. e3 Qc2 31. R1d2 1-0

[Event "Reykjavik Open 2010"]
[Site "Reykjavik City Hall"]
[Date "2010.02.27"]
[Round "5.36"]
[White "Olafsson, Thorvardur"]
[Black "Christensen, Esben"]
[Result "0-1"]
[WhiteElo "2217"]
[BlackElo "2008"]
[PlyCount "104"]
[EventDate "2010.02.24"]

1. e4 c5 2. Nf3 e6 3. d4 cxd4 4. Nxd4 Nf6 5. Nc3 d6 6. g4 a6 7. g5 Nfd7 8. Rg1
b5 9. a4 b4 10. Na2 Bb7 11. Qe2 d5 12. e5 Qc7 13. f4 Nc6 14. Be3 Rc8 15. Rg2
Bc5 16. Nxc6 Qxc6 17. Bxc5 Qxc5 18. Qd2 a5 19. Nc1 Qb6 20. Bb5 Bc6 21. Nb3 Nc5
22. Qf2 Bxb5 23. axb5 O-O 24. Nxc5 Rxc5 25. Rxa5 Rfc8 26. Ra4 Qxb5 27. b3 Rc3
28. Rg3 Qc6 29. Rxc3 Qxc3+ 30. Qd2 Qf3 31. Rxb4 g6 32. Rd4 Qh1+ 33. Ke2 Qxh2+
34. Kd1 Qg1+ 35. Ke2 Qg2+ 36. Ke1 Rxc2 37. Qxg2 Rxg2 38. Rb4 Kg7 39. Rb7 Rg4
40. Rb4 h6 41. gxh6+ Kxh6 42. Kf2 g5 43. Kf3 Rg1 44. fxg5+ Kxg5 45. Rb7 Kg6 46.
b4 Re1 47. b5 Rxe5 48. b6 Re4 49. Rb8 Rb4 50. b7 Kf6 51. Ke3 e5 52. Kd3 Kf5 0-1

[Event "Reykjavik Open 2010"]
[Site "Reykjavik City Hall"]
[Date "2010.02.27"]
[Round "5.37"]
[White "Andersson, Christin"]
[Black "Gardarsson, Hordur"]
[Result "1/2-1/2"]
[WhiteElo "2135"]
[BlackElo "1888"]
[PlyCount "121"]
[EventDate "2010.02.24"]

1. e4 c6 2. d4 d5 3. Nc3 dxe4 4. Nxe4 Nd7 5. Bc4 Ndf6 6. Nxf6+ Nxf6 7. Nf3 Bf5
8. c3 e6 9. O-O Be7 10. Re1 O-O 11. Bf4 Nh5 12. Be5 Nf6 13. h3 b5 14. Bb3 a5
15. Nh4 Bg6 16. Nxg6 hxg6 17. Qf3 Nd5 18. Rad1 Bf6 19. Bc2 Bxe5 20. Rxe5 Qf6
21. Qe4 Qf4 22. Qxf4 Nxf4 23. Rc5 Rac8 24. Be4 Nd5 25. Bxd5 exd5 26. Re1 Rfe8
27. Rxe8+ Rxe8 28. Rxc6 Re1+ 29. Kh2 Re2 30. Rb6 Rxb2 31. a4 b4 32. cxb4 axb4
33. a5 b3 34. a6 Ra2 35. Rxb3 Rxa6 36. Rb8+ Kh7 37. Rb5 Rd6 38. Kg3 f6 39. Rb8
g5 40. Kf3 Kg6 41. g4 Rd7 42. Rb6 Kf7 43. Kg3 Ke7 44. f4 gxf4+ 45. Kxf4 g6 46.
g5 fxg5+ 47. Kxg5 Ra7 48. Kxg6 Ra4 49. h4 Rxd4 50. h5 Rd1 51. h6 Rg1+ 52. Kf5
Kf7 53. Rb8 Rf1+ 54. Kg5 Rg1+ 55. Kf4 Rh1 56. Rb6 Kg8 57. Kg5 Rg1+ 58. Kf5 Rf1+
59. Ke5 Kh7 60. Kxd5 Rh1 61. Ke5 1/2-1/2

[Event "Reykjavik Open 2010"]
[Site "Reykjavik City Hall"]
[Date "2010.02.27"]
[Round "5.38"]
[White "Yurenok, Maria S"]
[Black "Tozer, Philip"]
[Result "0-1"]
[WhiteElo "1974"]
[BlackElo "2119"]
[PlyCount "56"]
[EventDate "2010.02.24"]

1. Nf3 e6 2. g3 f5 3. Bg2 Nf6 4. d3 d5 5. O-O Be7 6. Nbd2 O-O 7. c3 Nc6 8. Qc2
e5 9. e4 Kh8 10. exd5 Nxd5 11. b4 Bf6 12. Bb2 Be6 13. b5 Nce7 14. a3 Ng6 15. c4
Nb6 16. Rfe1 Nd7 17. Nd4 exd4 18. Rxe6 Nc5 19. Re2 Ne5 20. Nb3 Nexd3 21. Nxc5
Nxc5 22. Rd2 d3 23. Qd1 Bxb2 24. Rxb2 Qd4 25. Rab1 Ne4 26. Bf1 d2 27. Qf3 Rad8
28. Be2 Nc3 0-1

[Event "Reykjavik Open 2010"]
[Site "Reykjavik City Hall"]
[Date "2010.02.27"]
[Round "5.39"]
[White "Johannsson, Orn Leo"]
[Black "Flaata, Alexander R"]
[Result "1/2-1/2"]
[WhiteElo "1710"]
[BlackElo "2069"]
[PlyCount "142"]
[EventDate "2010.02.24"]

1. d4 d5 2. Bf4 Nf6 3. e3 Bf5 4. Nf3 c6 5. c3 e6 6. Nbd2 Nbd7 7. Be2 Be7 8. Ne5
Nxe5 9. Bxe5 Bg6 10. O-O O-O 11. Qb3 Qb6 12. h3 Nd7 13. Bh2 c5 14. Qxb6 Nxb6
15. b3 cxd4 16. cxd4 Rac8 17. Nf3 Ba3 18. Ne5 Bc2 19. Bd3 f6 20. Bxc2 Rxc2 21.
Nd3 Rfc8 22. Bg3 Kf7 23. Rfd1 g5 24. Kf1 Nd7 25. Ke1 a5 26. Rd2 Nf8 27. Rxc2
Rxc2 28. Kd1 Rc6 29. f3 Ng6 30. Be1 b6 31. Bg3 h5 32. Kd2 h4 33. Bh2 Ne7 34. e4
Ke8 35. Rd1 Kd7 36. Ke2 Kc8 37. Rd2 Kb7 38. Kd1 Ka6 39. Rc2 Kb5 40. Rxc6 Nxc6
41. Bg1 Bd6 42. a4+ Ka6 43. Be3 Be7 44. exd5 exd5 45. f4 Kb7 46. Ke2 Kc7 47.
Kf3 Kd7 48. Kg4 Ke6 49. fxg5 fxg5 50. Nc1 Kf7 51. Bxg5 Bxg5 52. Kxg5 Nxd4 53.
Kxh4 Ne6 54. g4 d4 55. Kg3 Nc5 56. Kf4 Kg6 57. h4 d3 58. Ke3 Kf6 59. Nxd3 Nxb3
60. Kf4 Nd4 61. g5+ Kg7 62. h5 b5 63. axb5 Nxb5 64. h6+ Kh7 65. Ke5 Nc7 66. Kf6
a4 67. g6+ Kxh6 68. Kf7 Ne6 69. Nc5 Ng5+ 70. Kf6 Nh7+ 71. gxh7 Kxh7 1/2-1/2

[Event "Reykjavik Open 2010"]
[Site "Reykjavik City Hall"]
[Date "2010.02.27"]
[Round "5.40"]
[White "Guttulsrud, Odd Martin"]
[Black "Brynjarsson, Eirikur Orn"]
[Result "1-0"]
[WhiteElo "2061"]
[BlackElo "1653"]
[PlyCount "57"]
[EventDate "2010.02.24"]

1. e4 e5 2. Nf3 Nc6 3. Bb5 a6 4. Ba4 Bc5 5. O-O d6 6. c3 b5 7. Bb3 Bg4 8. h3
Bh5 9. d3 Nf6 10. Re1 h6 11. Nbd2 g5 12. g4 Nxg4 13. hxg4 Bxg4 14. Bd5 Qd7 15.
Bxc6 Qxc6 16. Nb3 h5 17. d4 Bb6 18. Qd3 Qd7 19. Nh2 Bh3 20. Kh1 g4 21. Bg5 h4
22. Rg1 Rh5 23. Be3 Ke7 24. dxe5 Rxe5 25. Bxb6 cxb6 26. Nd4 Qb7 27. Nxg4 Rxe4
28. Qf3 Re8 29. Nf6 1-0

[Event "Reykjavik Open 2010"]
[Site "Reykjavik City Hall"]
[Date "2010.02.27"]
[Round "5.41"]
[White "Palsson, Svanberg Mar"]
[Black "Ragnarsson, Johann"]
[Result "0-1"]
[WhiteElo "1769"]
[BlackElo "2140"]
[PlyCount "28"]
[EventDate "2010.02.24"]

1. d4 d5 2. c4 e6 3. cxd5 exd5 4. Nc3 c6 5. Nf3 Bd6 6. Bg5 Nf6 7. e3 Bg4 8. Qb3
b5 9. Ne5 Be6 10. Bxb5 cxb5 11. Qxb5+ Nbd7 12. Nxd5 Bxd5 13. Bxf6 gxf6 14. Nxd7
Qxd7 0-1

[Event "Reykjavik Open 2010"]
[Site "Reykjavik City Hall"]
[Date "2010.02.27"]
[Round "5.42"]
[White "Scholzen, Wolfgang"]
[Black "Sverrisson, Nokkvi"]
[Result "1-0"]
[WhiteElo "2040"]
[BlackElo "1784"]
[PlyCount "91"]
[EventDate "2010.02.24"]

1. e4 c5 2. Nf3 d6 3. d4 cxd4 4. Nxd4 Nf6 5. Nc3 a6 6. Be2 e5 7. Nb3 Be7 8. O-O
Be6 9. f4 Qc7 10. f5 Bc4 11. Be3 Nbd7 12. Rf2 b5 13. a3 Rc8 14. g4 Qb7 15. Bf3
h6 16. Rg2 d5 17. exd5 e4 18. Nxe4 Bxd5 19. Nxf6+ Nxf6 20. Bxd5 Qxd5 21. Qxd5
Nxd5 22. Bd4 O-O 23. Re1 Bg5 24. c3 Nf4 25. Rc2 Rfe8 26. Rxe8+ Rxe8 27. Kf1 Nd3
28. Bf2 Re4 29. h3 Kf8 30. Nc5 Nxc5 31. Bxc5+ Ke8 32. Re2 Rxe2 33. Kxe2 Kd7 34.
b3 Kc6 35. Bd4 g6 36. fxg6 fxg6 37. Kd3 a5 38. a4 Be7 39. Ke4 Bd6 40. Bf6 Bc7
41. axb5+ Kxb5 42. Kd5 h5 43. g5 Bg3 44. Be7 Kb6 45. c4 Kc7 46. Ke6 1-0

[Event "Reykjavik Open 2010"]
[Site "Reykjavik City Hall"]
[Date "2010.02.27"]
[Round "5.43"]
[White "Johnsen, Sylvia"]
[Black "Finnbogadottir, Tinna Kristin"]
[Result "1-0"]
[WhiteElo "2032"]
[BlackElo "1750"]
[PlyCount "81"]
[EventDate "2010.02.24"]

1. c4 c5 2. Nc3 g6 3. g3 Bg7 4. Bg2 e6 5. e4 Ne7 6. Nge2 Nbc6 7. d3 d6 8. O-O
O-O 9. a3 Rb8 10. Rb1 a5 11. f4 e5 12. Be3 b6 13. Nd5 Bd7 14. Nec3 Nd4 15.
Nxe7+ Qxe7 16. f5 f6 17. Nd5 Qe8 18. Bxd4 cxd4 19. b4 Bc6 20. Nc7 Qc8 21. Ne6
Re8 22. Qd2 Ra8 23. g4 Bd7 24. Nxg7 Kxg7 25. g5 Rf8 26. bxa5 bxa5 27. Rb6 Qc5
28. Rb7 Ra7 29. Rfb1 Rxb7 30. Rxb7 Rf7 31. gxf6+ Kxf6 32. Qh6 Qxa3 33. fxg6
hxg6 34. Qh8+ Kg5 35. Qd8+ Kh6 36. Qh8+ Kg5 37. h4+ Kg4 38. Qh6 Rf1+ 39. Bxf1
Kf3 40. Rxd7 Qb2 41. Rf7+ 1-0

[Event "Reykjavik Open 2010"]
[Site "Reykjavik City Hall"]
[Date "2010.02.27"]
[Round "5.45"]
[White "Kleinert, Juergen"]
[Black "Antonsson, Atli"]
[Result "1-0"]
[WhiteElo "2004"]
[BlackElo "1716"]
[PlyCount "69"]
[EventDate "2010.02.24"]

1. e4 e6 2. d4 d5 3. Nc3 Nf6 4. e5 Nfd7 5. Nce2 c5 6. c3 Nc6 7. Be3 a6 8. f4 b5
9. Nf3 Qb6 10. g4 h5 11. g5 g6 12. Nh4 cxd4 13. cxd4 b4 14. Bg2 a5 15. O-O Ba6
16. Rf2 Be7 17. Ng3 Bb5 18. Qd2 O-O-O 19. Rc1 Kb8 20. b3 Rc8 21. Ne4 Na7 22.
Nf6 Bxf6 23. exf6 Ba6 24. f5 Rxc1+ 25. Qxc1 Rc8 26. Qd1 Nb5 27. fxg6 Nc3 28.
Qxh5 fxg6 29. Nxg6 e5 30. Ne7 Rf8 31. Bh3 Bb5 32. Bxd7 Bxd7 33. Ng6 Be8 34.
Nxf8 Bb5 35. f7 1-0

[Event "Reykjavik Open 2010"]
[Site "Reykjavik City Hall"]
[Date "2010.02.27"]
[Round "5.46"]
[White "Karlsson, Mikael Johann"]
[Black "Brynjarsson, Helgi"]
[Result "0-1"]
[WhiteElo "1714"]
[BlackElo "1964"]
[PlyCount "86"]
[EventDate "2010.02.24"]

1. c4 e5 2. g3 Nc6 3. Bg2 f5 4. Nc3 Nf6 5. e3 g6 6. Nge2 Bg7 7. O-O O-O 8. d4
d6 9. Rb1 Ne7 10. b4 c6 11. Bb2 e4 12. d5 Ng4 13. Qb3 g5 14. dxc6 bxc6 15. c5+
d5 16. b5 Qc7 17. b6 Qd7 18. Na4 Ba6 19. Bxg7 Kxg7 20. Qb2+ Kg8 21. h3 Nf6 22.
Rfe1 Ng6 23. bxa7 Rxa7 24. Nb6 Qe8 25. Nd4 f4 26. exf4 gxf4 27. Nf5 Ne5 28. Qd2
Nd3 29. g4 Nxe1 30. Rxe1 f3 31. Bxf3 Qg6 32. Bg2 Ne8 33. Nxd5 cxd5 34. Qxd5+
Kh8 35. Bxe4 Qf6 36. Qd2 Rc7 37. g5 Rg8 38. h4 Rxc5 39. Kh1 Qc3 40. Qxc3+ Rxc3
41. Nh6 Rf8 42. f3 Nd6 43. Bd5 Bc4 0-1

[Event "Reykjavik Open 2010"]
[Site "Reykjavik City Hall"]
[Date "2010.02.27"]
[Round "5.48"]
[White "Thorsteinsdottir, Hallgerdur"]
[Black "Sigurdsson, Birkir Karl"]
[Result "1-0"]
[WhiteElo "1946"]
[BlackElo "1446"]
[PlyCount "75"]
[EventDate "2010.02.24"]

1. e4 c5 2. Nf3 e6 3. g3 Nc6 4. Bg2 d5 5. exd5 exd5 6. d4 c4 7. O-O Nf6 8. Re1+
Be7 9. Ne5 Be6 10. c3 O-O 11. Nd2 Bd6 12. Nf1 Ne7 13. Ne3 Ng6 14. f4 Qc8 15.
Qf3 Ne7 16. Bd2 Ne4 17. Re2 Nf5 18. Rae1 Nxe3 19. Qxe3 Nxd2 20. Qxd2 b5 21. Rf2
f5 22. Qe2 Re8 23. Qh5 Bxe5 24. Rxe5 g6 25. Qe2 Bf7 26. Qe1 Rxe5 27. dxe5 Qe6
28. Rd2 Rd8 29. Qe3 a6 30. Kf2 Qc6 31. Qd4 Be6 32. Qa7 Ra8 33. Qe7 Qb6+ 34. Rd4
Rd8 35. Kf1 Kh8 36. Qf6+ Kg8 37. Bxd5 Rxd5 38. Rxd5 1-0

[Event "Reykjavik Open 2010"]
[Site "Reykjavik City Hall"]
[Date "2010.02.27"]
[Round "5.49"]
[White "Kjartansson, Dagur"]
[Black "Jonsson, Olafur Gisli"]
[Result "1/2-1/2"]
[WhiteElo "1485"]
[BlackElo "1872"]
[PlyCount "68"]
[EventDate "2010.02.24"]

1. c4 e5 2. Nc3 Nf6 3. g3 d5 4. cxd5 Nxd5 5. Bg2 Nb6 6. Nf3 Nc6 7. O-O Be7 8.
b3 O-O 9. Bb2 Be6 10. Rc1 f5 11. Nb5 Bf6 12. Bxe5 Nxe5 13. Nxc7 Bf7 14. Nxa8
Qxa8 15. Nxe5 Bxe5 16. e3 Qb8 17. d4 Bd6 18. Qe2 Be6 19. Rfd1 Kh8 20. h4 a6 21.
h5 Rf6 22. Rc2 Nd5 23. Rdc1 Nb4 24. Rc3 Bd7 25. a3 Nc6 26. b4 Qe8 27. Qf1 Qxh5
28. Bxc6 Bxc6 29. Rxc6 bxc6 30. Rxc6 Qf3 31. Qxa6 Qe4 32. b5 Qb1+ 33. Kg2 Qe4+
34. Kg1 Qb1+ 1/2-1/2

[Event "Reykjavik Open 2010"]
[Site "Reykjavik City Hall"]
[Date "2010.02.27"]
[Round "5.50"]
[White "Leifsson, Thorsteinn"]
[Black "Helgadottir, Sigridur Bjorg"]
[Result "1-0"]
[WhiteElo "1821"]
[BlackElo "1725"]
[PlyCount "56"]
[EventDate "2010.02.24"]

1. d4 Nf6 2. c4 g6 3. Nf3 Bg7 4. Nc3 d5 5. Qb3 c6 6. Bf4 e6 7. e3 O-O 8. Bd3
Nbd7 9. O-O b6 10. Qc2 Ba6 11. cxd5 Bxd3 12. Qxd3 Nxd5 13. Nxd5 cxd5 14. Rac1
Rc8 15. Qa6 Ra8 16. Rc2 Nf6 17. h3 Nh5 18. Bh2 Re8 19. Rfc1 Qe7 20. a3 Red8 21.
Rc7 Rd7 22. g4 Nf6 23. Qb7 Rf8 24. Qxa7 b5 25. Qb6 Ne4 26. Rxd7 Qxd7 27. Rc7
Qe8 28. Rc6 Qa8 1-0

[Event "Reykjavik Open 2010"]
[Site "Reykjavik City Hall"]
[Date "2010.02.27"]
[Round "5.51"]
[White "Andrason, Pall"]
[Black "Sigurdarson, Emil"]
[Result "1/2-1/2"]
[WhiteElo "1587"]
[BlackElo "1609"]
[PlyCount "63"]
[EventDate "2010.02.24"]

1. d4 d5 2. c4 e6 3. Nc3 c5 4. Nf3 Nc6 5. cxd5 exd5 6. Bf4 Nf6 7. e3 Bd6 8.
Bxd6 Qxd6 9. Nb5 Qe7 10. dxc5 O-O 11. Rc1 Bg4 12. Be2 a6 13. Nbd4 Ne4 14. Nxc6
bxc6 15. Nd4 Bxe2 16. Qxe2 Rfc8 17. Nb3 a5 18. f3 Nf6 19. O-O Nd7 20. Rc2 a4
21. Nd4 Ra5 22. Rfc1 Rxc5 23. Rxc5 Nxc5 24. Nf5 Qf6 25. Rxc5 Qxf5 26. Qc2 Qxc2
27. Rxc2 Kf8 28. Kf2 Ke7 29. Ke2 Kd6 30. Kd3 c5 31. Rc3 Rb8 32. Kc2 1/2-1/2

[Event "Reykjavik Open 2010"]
[Site "Reykjavik City Hall"]
[Date "2010.02.27"]
[Round "5.52"]
[White "Botheim, Tor"]
[Black "Lee, Gudmundur Kristinn"]
[Result "1-0"]
[WhiteElo "1944"]
[BlackElo "1534"]
[PlyCount "57"]
[EventDate "2010.02.24"]

1. e4 e5 2. Nf3 Nc6 3. Bb5 Bc5 4. c3 Nf6 5. O-O O-O 6. d4 exd4 7. cxd4 Bb6 8.
Nc3 h6 9. e5 Nh7 10. d5 Ne7 11. d6 Ng6 12. Bc4 Kh8 13. Qd3 a6 14. b4 Ba7 15.
Bb2 b5 16. Bb3 Bb7 17. Nd5 Bxd5 18. Qxd5 c6 19. Qd2 Nh4 20. Nxh4 Qxh4 21. Qd3
Ng5 22. a3 Ne6 23. Rae1 Rae8 24. Kh1 Qg4 25. g3 Ng5 26. f3 Qh3 27. Bc2 g6 28.
e6+ Kg8 29. exf7+ 1-0

[Event "Reykjavik Open 2010"]
[Site "Reykjavik City Hall"]
[Date "2010.02.28"]
[Round "6.1"]
[White "Sokolov, Ivan"]
[Black "Baklan, Vladimir"]
[Result "1-0"]
[WhiteElo "2649"]
[BlackElo "2654"]
[PlyCount "91"]
[EventDate "2010.02.24"]

1. d4 Nf6 2. c4 e6 3. Nf3 b6 4. g3 Bb7 5. Bg2 Bb4+ 6. Bd2 Bxd2+ 7. Qxd2 O-O 8.
O-O Ne4 9. Qe3 d5 10. Rc1 Re8 11. Nc3 Nd6 12. Nd2 Nc6 13. cxd5 exd5 14. Qf4 g5
15. Qg4 f5 16. Bxd5+ Kh8 17. Qh5 Nxd4 18. Bxb7 Nxb7 19. Nf3 Ne6 20. h4 g4 21.
Ng5 Nxg5 22. hxg5 Rg8 23. g6 Rxg6 24. Qxf5 c6 25. Rd1 Nd6 26. Qe5+ Qf6 27.
Qxf6+ Rxf6 28. Rd4 Rg8 29. Rad1 Rgg6 30. Kg2 a5 31. a4 Kg8 32. b4 axb4 33. Rxb4
b5 34. axb5 Nxb5 35. Nxb5 cxb5 36. Rxb5 Rf7 37. Rd4 Kf8 38. Rf4 h6 39. Rbb4 h5
40. Rb7 Rxf4 41. gxf4 Ra6 42. Rb5 Ra2 43. e3 h4 44. Rh5 g3 45. Rxh4 gxf2 46.
Kf1 1-0

[Event "Reykjavik Open 2010"]
[Site "Reykjavik City Hall"]
[Date "2010.02.28"]
[Round "6.2"]
[White "Kuzubov, Yuriy"]
[Black "Bromann, Thorbjorn"]
[Result "1-0"]
[WhiteElo "2634"]
[BlackElo "2434"]
[PlyCount "99"]
[EventDate "2010.02.24"]

1. d4 d5 2. Nf3 Nf6 3. c4 c6 4. e3 a6 5. Bd3 Bg4 6. Qb3 Bxf3 7. gxf3 Ra7 8. Nc3
e6 9. f4 dxc4 10. Bxc4 b5 11. Be2 c5 12. dxc5 Bxc5 13. Bd2 Rc7 14. Bf3 O-O 15.
Ne2 Nbd7 16. O-O Qb8 17. Rfd1 Rfc8 18. Rac1 Qb6 19. Qd3 h6 20. b4 Bf8 21. Rxc7
Qxc7 22. Rc1 Qb8 23. Rxc8 Qxc8 24. Kf1 Nb6 25. Qd4 Nc4 26. Be1 Qc7 27. Bc3 Bd6
28. Qd3 Bf8 29. Kg2 Be7 30. Ng3 Nd5 31. Bxd5 exd5 32. Nf5 Bf8 33. Qd4 Qd7 34.
e4 Qe6 35. Qxd5 Qg6+ 36. Ng3 Qg4 37. Qa8 Qxf4 38. Bxg7 Qd6 39. Bxf8 Qxf8 40.
Qxa6 Qxb4 41. Qxh6 Qb1 42. Qg5+ Kh7 43. Qh5+ Kg8 44. Qg4+ Kf8 45. Qc8+ Ke7 46.
Nf5+ Kf6 47. Qh8+ Ke6 48. Qe8+ Kf6 49. Qe7+ Kg6 50. h4 1-0

[Event "Reykjavik Open 2010"]
[Site "Reykjavik City Hall"]
[Date "2010.02.28"]
[Round "6.4"]
[White "Danielsen, Henrik"]
[Black "Nataf, Igor-Alexandre"]
[Result "1/2-1/2"]
[WhiteElo "2495"]
[BlackElo "2534"]
[PlyCount "45"]
[EventDate "2010.02.24"]

1. g3 g6 2. Bg2 Bg7 3. c4 Nf6 4. Nc3 O-O 5. Nf3 d6 6. O-O e5 7. d4 Nbd7 8. e4
a6 9. h3 exd4 10. Nxd4 Rb8 11. b3 Re8 12. Rb1 c5 13. Nde2 b5 14. cxb5 axb5 15.
b4 Bb7 16. Bf4 Nxe4 17. Nxe4 Bxe4 18. Bxe4 Rxe4 19. Bxd6 Rc8 20. bxc5 Nxc5 21.
Bxc5 Qxd1 22. Rfxd1 Rxe2 23. Be3 1/2-1/2

[Event "Reykjavik Open 2010"]
[Site "Reykjavik City Hall"]
[Date "2010.02.28"]
[Round "6.5"]
[White "Miezis, Normunds"]
[Black "Thorfinnsson, Bragi"]
[Result "1-0"]
[WhiteElo "2533"]
[BlackElo "2398"]
[PlyCount "91"]
[EventDate "2010.02.24"]

1. c4 e6 2. e4 c5 3. Nc3 Nc6 4. d3 Nge7 5. Nf3 a6 6. Be3 b6 7. Be2 Bb7 8. O-O
Ng6 9. d4 cxd4 10. Nxd4 Rb8 11. Nxc6 Bxc6 12. f4 Be7 13. Bd3 b5 14. cxb5 axb5
15. Bd4 b4 16. Ne2 Bf6 17. e5 Be7 18. Ng3 Qa5 19. Rf2 Bc5 20. Be4 O-O 21. Rc1
Bxd4 22. Qxd4 Qxa2 23. Bxc6 dxc6 24. Rxc6 Ne7 25. Rd6 Nf5 26. Nxf5 Qb1+ 27. Qd1
Qxf5 28. Rd4 Rfc8 29. g4 Qg6 30. Kh1 h6 31. f5 exf5 32. gxf5 Qg5 33. Rdf4 b3
34. h4 Qe7 35. Qd4 Rc1+ 36. Kh2 Rd8 37. f6 Qc7 38. Qe4 g6 39. e6 Rc2 40. Kg2
Rxf2+ 41. Rxf2 Re8 42. e7 Qd7 43. h5 gxh5 44. Kh2 Kh8 45. Qf4 Kh7 46. Rg2 1-0

[Event "Reykjavik Open 2010"]
[Site "Reykjavik City Hall"]
[Date "2010.02.28"]
[Round "6.8"]
[White "Gupta, Abhijeet"]
[Black "Cori, Jorge"]
[Result "1-0"]
[WhiteElo "2577"]
[BlackElo "2483"]
[PlyCount "71"]
[EventDate "2010.02.24"]

1. d4 Nf6 2. c4 c6 3. Nc3 d5 4. Nf3 e6 5. g3 Nbd7 6. Bg2 Be7 7. O-O O-O 8. b3
a6 9. Bb2 b5 10. Nd2 Rb8 11. Qc2 dxc4 12. bxc4 c5 13. d5 exd5 14. Nxd5 Bb7 15.
e4 bxc4 16. Nxc4 Nxd5 17. exd5 Bf6 18. Rab1 Ba8 19. Bc3 Bxc3 20. Qxc3 Qf6 21.
Qxf6 Nxf6 22. d6 Bxg2 23. Kxg2 Nd7 24. Rfe1 Rb5 25. Rb3 Rd8 26. Re7 Kf8 27. f4
f6 28. Kf3 Nb8 29. Rc7 Nd7 30. Ke4 f5+ 31. Kd5 Nf6+ 32. Kc6 Ne4 33. d7 Ke7 34.
Ne5 c4 35. Rxb5 axb5 36. Rc8 1-0

[Event "Reykjavik Open 2010"]
[Site "Reykjavik City Hall"]
[Date "2010.02.28"]
[Round "6.9"]
[White "Galego, Luis"]
[Black "Maze, Sebastien"]
[Result "1/2-1/2"]
[WhiteElo "2487"]
[BlackElo "2554"]
[PlyCount "57"]
[EventDate "2010.02.24"]

1. c4 Nf6 2. g3 g6 3. Bg2 Bg7 4. Nc3 O-O 5. e3 Nc6 6. d4 e5 7. d5 Ne7 8. Nge2
d6 9. h3 a5 10. e4 Nd7 11. O-O Nc5 12. Be3 b6 13. Qd2 f5 14. exf5 Nxf5 15. Kh2
Nxe3 16. Qxe3 Bf5 17. Ne4 Nxe4 18. Bxe4 Bh6 19. Qd3 Qd7 20. Ng1 a4 21. Kg2 Rab8
22. b4 b5 23. f3 bxc4 24. Qxc4 Bxe4 25. Qxe4 Qf5 26. Rae1 Bd2 27. Re2 Bh6 28.
Rd1 Rf7 29. Rd3 1/2-1/2

[Event "Reykjavik Open 2010"]
[Site "Reykjavik City Hall"]
[Date "2010.02.28"]
[Round "6.10"]
[White "Kveinys, Aloyzas"]
[Black "Gunnarsson, Jon Viktor"]
[Result "1/2-1/2"]
[WhiteElo "2536"]
[BlackElo "2429"]
[PlyCount "154"]
[EventDate "2010.02.24"]

1. d4 Nf6 2. Nf3 g6 3. c4 c5 4. d5 b5 5. cxb5 a6 6. b6 Qxb6 7. Nc3 d6 8. Nd2
Nbd7 9. e4 Bg7 10. a4 O-O 11. a5 Qc7 12. Nc4 Bb7 13. Be2 Rab8 14. O-O Ba8 15.
Bf4 Rb4 16. Qc2 Rfb8 17. Na4 Ne5 18. Bd2 Nxc4 19. Bxc4 Qxa5 20. Bxb4 cxb4 21.
Bb3 Bb7 22. Rfc1 Bc8 23. Qc7 Qxc7 24. Rxc7 Bd7 25. Re1 g5 26. h3 h6 27. Kh2 Bb5
28. g3 Nd7 29. Rc2 Bxa4 30. Bxa4 Nc5 31. Bc6 a5 32. Ra1 a4 33. Rb1 b3 34. Rc4
Bxb2 35. Bxa4 Nxa4 36. Rxa4 Be5 37. Kg2 b2 38. Rc4 f5 39. exf5 Rb5 40. h4 Rxd5
41. hxg5 hxg5 42. Kf3 Ra5 43. Rb4 Rc5 44. R1xb2 Bxb2 45. Rxb2 Rxf5+ 46. Kg4 Rc5
47. Rb8+ Kg7 48. f3 Re5 49. Rd8 Kf7 50. Rh8 d5 51. Rd8 Ke6 52. Kh5 Kf7 53. Kg4
e6 54. f4 gxf4 55. gxf4 Re1 56. Rd7+ Kf6 57. Kf3 Rf1+ 58. Ke3 Rg1 59. Kf3 Rg7
60. Rd8 Rc7 61. Ra8 Rc3+ 62. Kg4 Rc4 63. Kf3 Ke7 64. Ra6 Kd7 65. Rb6 Rc3+ 66.
Ke2 Rc6 67. Rb5 Kd6 68. Ra5 Rb6 69. Ke3 Rb3+ 70. Ke2 Rc3 71. Ra6+ Rc6 72. Ra5
Rc4 73. Ke3 Rc8 74. Ra6+ Ke7 75. f5 Rc3+ 76. Kd2 Rf3 77. Rxe6+ Kf7 1/2-1/2

[Event "Reykjavik Open 2010"]
[Site "Reykjavik City Hall"]
[Date "2010.02.28"]
[Round "6.12"]
[White "Grover, Sahaj"]
[Black "Romanishin, Oleg M"]
[Result "1/2-1/2"]
[WhiteElo "2448"]
[BlackElo "2512"]
[PlyCount "59"]
[EventDate "2010.02.24"]

1. e4 e5 2. Nf3 Nc6 3. Bb5 a6 4. Ba4 Nf6 5. Qe2 Be7 6. O-O b5 7. Bb3 d6 8. c3
O-O 9. Rd1 Na5 10. Bc2 c5 11. d4 Qc7 12. d5 g6 13. Nbd2 Nh5 14. Nf1 Bf6 15. b3
Bg7 16. Be3 Bd7 17. Rac1 Nb7 18. Bb1 c4 19. N1d2 cxb3 20. axb3 Nc5 21. b4 Na4
22. Nb3 Rac8 23. Qe1 Nb2 24. Rd2 Nc4 25. Ra2 Ra8 26. Na5 Nxe3 27. Qxe3 Rac8 28.
Nb3 Qb7 29. Na5 Qb8 30. Nb3 1/2-1/2

[Event "Reykjavik Open 2010"]
[Site "Reykjavik City Hall"]
[Date "2010.02.28"]
[Round "6.17"]
[White "Vaarala, Eric"]
[Black "Ivanov, Mikhail M"]
[Result "0-1"]
[WhiteElo "2032"]
[BlackElo "2465"]
[PlyCount "128"]
[EventDate "2010.02.24"]

1. e4 c5 2. Nf3 a6 3. c4 e6 4. d4 cxd4 5. Nxd4 Qc7 6. Nc3 Nf6 7. f4 Bb4 8. e5
Ne4 9. Qd3 Nxc3 10. bxc3 Be7 11. Be2 d6 12. exd6 Bxd6 13. O-O Nd7 14. Nb3 Nc5
15. Nxc5 Bxc5+ 16. Be3 Bxe3+ 17. Qxe3 O-O 18. Rab1 Bd7 19. Bf3 Bc6 20. Qb6 Rac8
21. Bxc6 Qxc6 22. Qxc6 Rxc6 23. Rxb7 Rxc4 24. Rb3 g6 25. Ra3 Ra8 26. g3 a5 27.
Rd1 Rb8 28. Rd2 Rb5 29. Kf2 Rbc5 30. Rd3 Kg7 31. Ke2 Rh5 32. h4 Rhc5 33. Kd2
Kf6 34. Rd4 Kf5 35. Kd3 Rxd4+ 36. Kxd4 Rd5+ 37. Ke3 e5 38. c4 exf4+ 39. gxf4
Rc5 40. Kd4 Rc7 41. Rxa5+ Kxf4 42. Kd5 Rd7+ 43. Kc6 Rd2 44. c5 f5 45. Kc7 Kg3
46. c6 f4 47. Kb6 Rb2+ 48. Rb5 Rxa2 49. c7 Ra8 50. h5 Kg4 51. h6 f3 52. Kb7 Rf8
53. Rb1 f2 54. c8=Q+ Rxc8 55. Kxc8 Kf3 56. Kd7 g5 57. Ke6 g4 58. Kf6 g3 59. Kg7
g2 60. Kxh7 g1=Q 61. Rxg1 fxg1=Q 62. Kh8 Qc5 63. Kg7 Qg5+ 64. Kh7 Kf4 0-1

[Event "Reykjavik Open 2010"]
[Site "Reykjavik City Hall"]
[Date "2010.02.28"]
[Round "6.19"]
[White "Ptacnikova, Lenka"]
[Black "Cori T, Deysi"]
[Result "0-1"]
[WhiteElo "2315"]
[BlackElo "2412"]
[PlyCount "58"]
[EventDate "2010.02.24"]

1. e4 e6 2. d4 d5 3. Nd2 Nf6 4. e5 Nfd7 5. c3 c5 6. Bd3 Nc6 7. Ne2 Qb6 8. Nf3
cxd4 9. cxd4 Bb4+ 10. Kf1 Be7 11. g3 f6 12. exf6 Nxf6 13. Kg2 O-O 14. Nc3 Kh8
15. Re1 Bd7 16. a3 Nxd4 17. Be3 Bc5 18. Ne5 Nb3 19. Nxd7 Nxd7 20. Na4 Qc6 21.
Nxc5 Ndxc5 22. Bxc5 Nxc5 23. Rc1 d4+ 24. Be4 Qd6 25. Bxh7 Qd5+ 26. f3 Kxh7 27.
b4 Nd7 28. Re4 d3 29. Qd2 Rac8 0-1

[Event "Reykjavik Open 2010"]
[Site "Reykjavik City Hall"]
[Date "2010.02.28"]
[Round "6.20"]
[White "Fridthjofsdottir, Sigurl  Regin"]
[Black "Tania, Sachdev"]
[Result "0-1"]
[WhiteElo "1809"]
[BlackElo "2398"]
[PlyCount "72"]
[EventDate "2010.02.24"]

1. e4 c5 2. c3 d6 3. d4 Nf6 4. Bd3 Qc7 5. Nf3 g6 6. O-O Bg7 7. h3 O-O 8. Be3 e5
9. Na3 Rd8 10. d5 c4 11. Bb1 Bd7 12. Nd2 b5 13. f4 exf4 14. Bxf4 Qb6+ 15. Kh1
Be8 16. Qf3 Nbd7 17. Bc2 Ne5 18. Qe2 Nfd7 19. Rae1 Nc5 20. Be3 Qc7 21. Bxc5
Qxc5 22. Qf2 Qxf2 23. Rxf2 Rdc8 24. Nf3 a5 25. Nxe5 Bxe5 26. Ref1 b4 27. Nb1
Rab8 28. Bd1 Rc7 29. cxb4 Rxb4 30. Nd2 Bd4 31. Rf3 Rxb2 32. Nxc4 Rxc4 33. Bb3
Rc7 34. a4 Rc3 35. Rxc3 Bxc3 36. Bd1 Rb1 0-1